| 000 | 01515nam0a22003971 4500 | ||
|---|---|---|---|
| 001 | v19\rc\1951335 | ||
| 005 | 20251118180921.4 | ||
| 035 | _a(NLR Aleph) 005036228 | ||
| 090 |
_a6744414 _c6744414 |
||
| 100 | _a20080428d1913 u y0rusy50 ca | ||
| 101 | 1 |
_arus _cger |
|
| 102 | _aRU | ||
| 105 | _aa z ||||| | ||
| 200 | 1 |
_aЧеловек, его происхождение и эволюционное развитие _fВ. Лехе, проф. Ун-та в Стокгольме _gПер. с нем. проф. М.А. Мензбира и С.А. Усова |
|
| 210 |
_aМосква _cМ. и С. Сабашниковы _d1913 |
||
| 215 |
_aVIII, 422 с. _cил. _d21 |
||
| 225 | 1 | _aСерия учебников по биологии | |
| 300 | _aОт редактора русского издания - М. Мензбир | ||
| 700 | 1 |
_aЛехе _bВ. _gВильгельм |
|
| 702 | 1 |
_4730 _4340 _7ca _8rus _aМензбир _bМ. А. _f1855-1935 _gМихаил Александрович _9249098 _3RU\NLR\AUTH\770249154 |
|
| 702 | 1 |
_aУсов _bС.А. _f1827-1886 _gСергей Алексеевич _4730 |
|
| 801 | 0 |
_aRU _bNLR _gpsbo |
|
| 801 | 0 |
_aRU _bRuMoRGB _2psbo |
|
| 801 | 1 |
_aRU _bProSoft-M _2rusmarc |
|
| 852 |
_aNLR _j37.43.4.94 |
||
| 852 |
_aNLR _j130/2096 |
||
| 899 |
_aRuMoRGB _jM 75/50 |
||
| 899 |
_aRuMoRGB _jM 33/234 |
||
| 899 |
_aRuMoRGB _jРб 36/89 |
||
| 899 | _aБАН | ||
| 899 | _aНБ СПбГУ | ||
| 899 | _aГПИБ | ||
| 899 | _aНБ МГУ | ||
| 942 | _cBOOK | ||
| 980 | _aNB | ||